00675nam a22002297a 4500003000900000005001700009008002900026040002200055092001700077100001800094245003900112260004300151300002000194490001700214521003000231830001700261942001200278945002800290952008800318956002400406999001500430DO-SdBNP20180118091232.0151005b 19uu pe 00| 0 spa d aBPMSUbspacBPMSU axxxxxbxxxxx1 aIbsen, Henrik10aCasa de muñecas /cHenrik Ibsen. aLima, Peru :bSanta Barbara, c[19--]. a98 p. ;c15 cm.1 aSaber humano1 aA partir de los 12 años 0aSaber humano 2ddccBK aInventariado, 2018 / LP 00102ddc40708CGaBPMETbBPMETd2018-01-18eFUNDIl0r2018-01-18w2018-01-18yBK aYngrid Lockwardb10 c8876d8876